000
00342 a2200157 4500
001
154064
040
_c
Escola São Tomás de Aquino
100
_a
AMADO, Jorge
240
1
0
_a
Mar morto
_l
por
245
1
0
_a
Mar morto
300
_a
285
362
0
_a
2008
440
1
_a
Companhia das Letras
697
_a
LITERATURA BRASILEIRA
942
_c
BK
999
_c
154064
_d
154064